Normal view
MARC view
- Griffin, Lepel Henry,
Entry Personal Name
001 - CONTROL NUMBER
- control field: 4827
003 - CONTROL NUMBER IDENTIFIER
- control field: NUST
005 - DATE AND TIME OF LATEST TRANSACTION
- control field: 20170922112930.0
008 - FIXED-LENGTH DATA ELEMENTS
- fixed length control field: 170922|| aca||aabn | a|a d
040 ## - CATALOGING SOURCE
- Original cataloging agency: NUST
- Transcribing agency: NUST
100 ## - HEADING--PERSONAL NAME
- Personal name: Griffin, Lepel Henry,
- Titles and other words associated with a name: Sir,
- Dates associated with a name: 1840-1908.
670 ## - SOURCE DATA FOUND
- Source citation: Work cat.: (NUST)0: Griffin, Lepel Henry, Sir, 1840-1908., The rajas of the Punjab :, 2006.
